Leadership a období změn

Manažment a leadership. Základné rozdiely. Štyri imperatívy výnimočného lídra.

Salvato in:
Dettagli Bibliografici
Autore principale: Michalko, Milan
Natura: Capitolo di libro
Lingua:ceco
Soggetti:
Tags: Aggiungi Tag
Nessun Tag, puoi essere il primo ad aggiungerne!!

MARC

LEADER 00000naa a2200000 4500
001 0199765
005 20221019175614.4
041 0 |a cze 
044 |a SK 
245 1 0 |a Leadership a období změn  |c Milan Michalko 
520 |a Manažment a leadership. Základné rozdiely. Štyri imperatívy výnimočného lídra. 
610 2 0 |a konkurencieschopnosť 
610 2 0 |a riadenie zmien 
610 2 0 |a vodcovstvo 
610 2 0 |a riadenie ľudských zdrojov 
100 1 |a Michalko, Milan